| 000 | 00527nam a2200205Ia 4500 | ||
|---|---|---|---|
| 003 | IN-BaIIA | ||
| 008 | 211028s9999 xx 000 0 eng d | ||
| 020 | _a0-03-033488-8 | ||
| 040 | _cIIA Library | ||
| 080 |
_a52 _bPAS |
||
| 100 |
_aPasachoff, J. M _913441 |
||
| 245 | 0 |
_aAstronomy _bfrom the earth to the universe _cJ.M. Pasachoff |
|
| 250 | _a6th ed. | ||
| 260 |
_aAustralia _bThomson Learning _c2002 |
||
| 300 | _axxv, 816p. | ||
| 650 |
_aastronomy _980 |
||
| 650 | _aearth | ||
| 650 |
_auniverse _91987 |
||
| 942 | _cBK | ||
| 999 |
_c14381 _d14381 |
||